| 000 | 00576nam a2200205 4500 | ||
|---|---|---|---|
| 001 | 138937 | ||
| 003 | ES-MaACL | ||
| 005 | 20250902222335.0 | ||
| 007 | t| | ||
| 008 | 070214s1932 sp r ||||1| spa d | ||
| 100 | 1 |
_aSanz, Angel B. _9103562 |
|
| 245 | 1 | 3 |
_aLa industria, el paro / _cAngel B. Sanz. |
| 260 |
_aMadrid : _b[s.n., _c1932?] |
||
| 300 |
_a12 p. ; _c19 cm. |
||
| 594 | _aPrecede al tít.: Problemas fundamentales. | ||
| 650 | 0 | 7 |
_aIndustria _2embne _913713 |
| 650 | 0 | 7 |
_aParo _2embne _915844 |
| 852 |
_aES-MaACL _j1775-F-1 |
||
| 999 |
_c138937 _d138937 |
||